000 00587nam a2200229Ia 4500
003 OSt
005 20221005131952.0
006 a|||||r|||| 00| 0
007 ta
008 221004b |||||||| |||| 00| 0 urd d
024 _a12408
037 _cTextual
040 _aCRL
_cCRL
_burd
041 _2urd
_aurd
082 _aO168:gxNAA,1, H9
100 _aKhan Meer Ahmad Ali
_9177502
245 0 _aTanqeedi nazariyah
260 _c1949
650 _aURDU LITERATURE
942 _hO168:gxNAA,1, H9
_cTEXL
_2cc
999 _c1061996
_d1061996